01721nam a22003977a 4500003000500000005001700005008004100022010001000063011001000073035001000083040000900093090001000102100003900112245009700151260004000248300004000288502009900328590003700427590004100464590004100505590004100546590004200587650003500629650005500664650003200719901000700751942000900758949003600767949004100803949004100844949004100885999001700926952012600943952012601069952012801195CHAP20220329141305.0971010s1959 r 00010 d a65857 a66829 a75811 cCHAP aTesis00aHernández Segura, Javier.954613 aEstudio de las condiciones económicas agrícolas de las sociedades de Nueva Italia, Mich. aChapingo, Méx. :bEl autor,c1959 a83 h.b: ilus. ; láms. ; gráfs. aTesis (Ing. Agr. Esp. en Economía Agrícola) -- UACH. Departamento de Economía Agrícola aALEPHb10c20130110lUCH01h1358 aBATCH-UPDb10c20130110lUCH01h0549 aBATCH-UPDb10c20130410lUCH01h0230 aBATCH-UPDb10c20130914lUCH01h0004 aCONVERSIONb10c20130109lUCH01h133614aAgricultura cooperativa.9194514aAgriculturaxAspectos economicosxMichoacan.9126914aEjidosxMichoacán.936018 aBK cFOLL bBCcTESd-143336eTS1i75811si bBCcTESd-143337eTS2fc.2i75811si bBCcTESd-143338eTS2fc.3i75811si bZAcTESBDd-8788eTS1h134i75811si c65857d65857 00102local4053708TESISaBCbBCcPA_TESISd2012-12-17fTESISl0p-143337r2019-12-31 00:00:00tc.2w2019-12-31yTESIS 00102local4053708TESISaBCbBCcPA_TESISd2012-12-17fTESISl0p-143338r2019-12-31 00:00:00tc.3w2019-12-31yTESIS 00102local4051708TESISaBCbBCcPA_TESISd2012-12-17fTESISl0oTesisp-143336r2019-12-31 00:00:00w2012-12-17yTESIS